008180000a22001810004500090001400000245011300014650002800127650002300155650003900178650002600217651002000243041001400263100003200277942001300309773010600322999001700428952019100445 aARb0230210aDistribución actual de las plantas narcoticas y estimulantes usadas por las tribus indígenas de Colombia14aPlantas útiles99293614aIndígenas99317714aDistribución geográfica99299714aAntropología994371 4pColombia9927490 aEspañol1 aUscategui M., Nestor995763 cARTICULO1 tRevista de la Academia Colombiana de Ciencias Exactas, Fisicas y Naturales332h43q215-228d1961g11 c11374d11374 001040718HEMEROTECAaBogotabBogotad2015-02-27eInstituto de Ciencias NaturaleshFuera de circulaciónl0oAR 02302p012716r2015-03-25 00:00:00t1w2015-03-25xDonaciónyARTICULO